000 007900000a22003250004500
082 _a372.130942
_bC139i
_cT
518 _a980513
530 _aM
100 _aGalton, Maurice
100 _aSimon, Brian
100 _aCroll, Paul
100 _aJamsman, Anne
100 _aWillcocks, John
245 _aInside the primary classroom
020 _a0-415-09351-7
260 _aLondon
_bRoutledge, UK
260 _c1980
300 _axii, 203p.
_billus charts, tables
041 _aEng
500 _aBibliography: p. 194-199
650 _aEducation
650 _aPrimary schools
650 _aTeaching
650 _aSchools
650 _aPrimary education
650 _aElementary education
650 _aClassroom
650 _aClassroom environment
942 _cGEN
999 _c14208
_d14208